书目信息 |
| 题名: |
建设行业专业技术管理人员继续教育教材
|
|
| 作者: | 王开岭 , 卢玫珺 , 许东 主编 | |
| 分册: | ||
| 出版信息: | 郑州 黄河水利出版社 2010.04 |
|
| 页数: | 362页 | |
| 开本: | 26cm | |
| 丛书名: | 建设行业继续教育系列丛书 | |
| 单 册: | ||
| 中图分类: | TU-43 | |
| 科图分类: | ||
| 主题词: | 建筑工程--jian zhu gong cheng--工程技术--终生教育--教材 | |
| 电子资源: | ||
| ISBN: | 978-7-80734-597-8 | |
| 000 | 01183nam 2200289 450 | |
| 001 | 012010916265 | |
| 005 | 20101221192903.96 | |
| 010 | @a978-7-80734-597-8@dCNY50.00 | |
| 100 | @a20101221d2010 em y0chiy0120 ea | |
| 101 | 0 | @achi |
| 102 | @aCN@b410000 | |
| 105 | @aak a 000yy | |
| 106 | @ar | |
| 200 | 1 | @a建设行业专业技术管理人员继续教育教材@Ajian she hang ye zhuan ye ji shu guan li ren yuan ji xu jiao yu jiao cai@f王开岭, 卢玫珺, 许东主编@Fwang kai ling,lu mei jun,xu dong zhu bian |
| 210 | @a郑州@c黄河水利出版社@d2010.04 | |
| 215 | @a362页@c图@d26cm | |
| 225 | 2 | @a建设行业继续教育系列丛书@Ajian she hang ye ji xu jiao yu xi lie cong shu |
| 320 | @a有书目 (第362页) | |
| 330 | @a本书第一篇为相关法律和法规、第二篇为规范及标准、第三篇为建筑工程新技术,以全面、简练、准确和技术先进为原则,既可作为建设行业专业技术管理人员继续教育教材。 | |
| 410 | 0 | @12001 @a建设行业继续教育系列丛书 |
| 606 | 0 | @a建筑工程@Ajian zhu gong cheng@x工程技术@x终生教育@j教材 |
| 690 | @aTU-43@v4 | |
| 701 | 0 | @a王开岭@Awang kai ling@4主编 |
| 701 | 0 | @a卢玫珺@Alu mei jun@4主编 |
| 701 | 0 | @a许东@Axu dong@4主编 |
| 801 | 0 | @aCN@bQSSK@c20101221 |
| 905 | @b790237-39@dTU-43@eW243@f3 | |
| 建设行业专业技术管理人员继续教育教材/王开岭, 卢玫珺, 许东主编.-郑州:黄河水利出版社,2010.04 |
| 362页:图;26cm.-(建设行业继续教育系列丛书) |
| ISBN 978-7-80734-597-8:CNY50.00 |
| 本书第一篇为相关法律和法规、第二篇为规范及标准、第三篇为建筑工程新技术,以全面、简练、准确和技术先进为原则,既可作为建设行业专业技术管理人员继续教育教材。 |
| ● |
| 相关链接 |
|
|
|
正题名:建设行业专业技术管理人员继续教育教材
索取号:TU-43/W243
 
预约/预借
| 序号 | 登录号 | 条形码 | 馆藏地/架位号 | 状态 | 备注 |
| 1 | 790237 | 207902377 | 建筑库101/101建筑库 11排2列5层/ [索取号:TU-43/W243] | 在馆 | |
| 2 | 790238 | 207902386 | 城院文库/ [索取号:TU-43/W243] | 在馆 | |
| 3 | 790239 | 207902395 | 建筑库101/101建筑库 11排2列5层/ [索取号:TU-43/W243] | 在馆 |